Từ điển Việt - Anh = Vietnamese - English New dictionary
v.v...
Đã lưu trong:
| Tác giả chính: | |
|---|---|
| Định dạng: | Sách |
| Năm xuất bản: |
H.
Thanh niên
1999
|
| Chủ đề: | |
| Tags: |
Thêm thẻ
Không có thẻ, Hãy là người đầu tiên gắn thẻ bản ghi này!
|
| LEADER | 00622nam a2200169 4500 | ||
|---|---|---|---|
| 082 | |a 495.922321 |b V400X | ||
| 100 | |a Võ Xuân Tiến | ||
| 245 | |a Từ điển Việt - Anh |b = Vietnamese - English New dictionary |c Võ Xuân Tiến, Nguyễn Đoan Trang biên soạn | ||
| 260 | |a H. |b Thanh niên |c 1999 | ||
| 300 | |a 1122tr.; |c 16cm. | ||
| 520 | |a v.v... | ||
| 653 | |a Tiếng Việt | ||
| 653 | |a Tiếng Anh | ||
| 653 | |a Từ điển | ||
| 942 | |2 ddc |c SH | ||
| 999 | |c 13302 |d 13302 | ||
| 952 | |0 0 |1 0 |2 ddc |4 0 |6 495_922321000000000_V400X |7 0 |8 400 |9 109078 |a qbu |b qbu |c D4 |d 2016-12-05 |g 24000 |o 495.922321 V400X |p 12285.c1 |r 0000-00-00 |w 2016-12-05 |y SH | ||